Capital Match Game Quiz Stats

 Plays Quiz Updated Apr 18, 2019

Score 0/197 Timer 20:00
46 Plays Today
% Correct
Paris
78.7%
Athens
78.6%
Washington
78.5%
Tokyo
78.4%
Mexico City
78.4%
Berlin
78.3%
London
78.3%
Beijing
78.1%
Rome
78%
Moscow
77.9%
Cairo
77.7%
Madrid
77.6%
Vatican City
77.4%
Dublin
77.2%
Ottawa
76.7%
Amsterdam
76.4%
Oslo
76%
Lisbon
76%
Warsaw
75.9%
Jerusalem
75.8%
Brussels
75.7%
Brasília
75.3%
Panama City
75%
Reykjavík
74.9%
Copenhagen
74.9%
Vienna
74.9%
Havana
74.7%
New Delhi
74.5%
Luxembourg
74.5%
Seoul
74.4%
Canberra
74.2%
Helsinki
73.9%
Monaco
73.7%
Buenos Aires
73.6%
Bern
73.5%
Baghdad
73.2%
Stockholm
73.2%
Lima
72.6%
Bangkok
72.3%
Kuwait City
72.1%
Wellington
72%
Budapest
71.6%
Singapore
71.5%
Ankara
71.2%
Algiers
71.2%
Andorra la Vella
70.5%
Prague
70.4%
Kyiv
70.3%
San Marino
70.1%
Guatemala City
69.7%
Tunis
69.7%
Tehran
69.4%
San Salvador
69%
Manila
68.5%
Pyongyang
68.2%
Kabul
68.1%
Hanoi
68.1%
Taipei
68.1%
Bogotá
67.9%
Santiago
67.9%
Kingston
67.7%
Djibouti
67.2%
Jakarta
66.4%
Islamabad
66.4%
Port-au-Prince
66.3%
Nairobi
65.9%
% Correct
Bucharest
65.9%
Abu Dhabi
65.8%
Damascus
65.4%
Caracas
65.3%
Sofia
64.7%
Beirut
64.5%
Tripoli
64.4%
Pretoria
64.1%
Addis Ababa
63.7%
Kathmandu
63.2%
La Paz
63.2%
Kuala Lumpur
62.8%
Quito
62.7%
Minsk
62.6%
Zagreb
62.3%
Riyadh
61.9%
Amman
60.6%
Montevideo
60.6%
Phnom Penh
60.6%
Riga
60.1%
Sarajevo
59.8%
Ulan Bator
59.7%
Nicosia
58.8%
Tallinn
58.7%
Belgrade
57.9%
Rabat
57.9%
São Tomé
57.8%
Asunción
57.2%
Nassau
57%
Bratislava
56.8%
Vilnius
56.5%
Mogadishu
56.1%
San José
56%
Bissau
55.9%
Sri Jayawardenapura Kotte
55.9%
Valletta
55.9%
Vaduz
55%
Tirana
54.7%
Santo Domingo
54.5%
Managua
54.2%
Tbilisi
53.5%
Khartoum
52.7%
Ljubljana
52.6%
Doha
52.6%
Accra
52.4%
Dhaka
51.6%
Muscat
51.4%
Baku
51.1%
Antananarivo
50.9%
Tegucigalpa
50.9%
Skopje
50%
Belmopan
50%
Harare
49.7%
Chişinău
49.1%
Vientiane
49%
Malé
48.8%
Freetown
48.7%
Dakar
48.7%
Ramallah
48.7%
Sana'a
48.6%
Windhoek
48.4%
Pristina
48.1%
Abuja
48.1%
Bandar Seri Begawan
47.6%
Monrovia
47.1%
Nur-Sultan
47.1%
% Correct
Yerevan
46.6%
Port Moresby
46%
Port of Spain
45.9%
Georgetown
45.8%
Kampala
45.7%
Kinshasa
45.7%
Ouagadougou
45.3%
Juba
45.1%
Podgorica
45%
Dili
44.9%
Bridgetown
44.6%
Brazzaville
44.2%
Suva
44.2%
Kigali
44.1%
Victoria
43.8%
Luanda
43.5%
Paramaribo
43.3%
Thimphu
42.1%
N'Djamena
42%
Bishkek
41.9%
Tashkent
41.3%
Naypyidaw
41.2%
Yaoundé
40.7%
Asmara
40.7%
Apia
40.7%
Lomé
40.4%
Manama
40.2%
Gaborone
40.2%
Yamoussoukro
40%
Ashgabat
39.8%
Gitega
39.7%
Lilongwe
39.7%
Dodoma
39.6%
Roseau
39.3%
Niamey
38.9%
Conakry
38.6%
Bamako
38.6%
Castries
38.2%
Maputo
38.1%
St. John's
37.6%
Lusaka
37.5%
Praia
37.5%
Moroni
36.5%
Port Louis
36.4%
Porto-Novo
36.3%
Bangui
36.2%
Mbabane
36.2%
St. George's
36.1%
Basseterre
35.3%
Libreville
35.3%
Banjul
35.2%
Funafuti
35.1%
Nouakchott
34.9%
Dushanbe
34.5%
Maseru
34%
Honiara
34%
Kingstown
33.8%
Port Vila
32.6%
Yaren
31.7%
Nukualofa
31.4%
Malabo
31.1%
Palikir
31%
Majuro
30.7%
Tarawa
30.2%
Ngerulmud
28.8%

You're not logged in!

Compare scores with friends on all Sporcle quizzes.
OR
Log In

Sporcle TV

Today on Sporcle TV


Watch our educational content, quiz creation guides, and fun videos on Sporcle TV.

Show Comments

Extras

Top Quizzes Today


Score Distribution

Your Account Isn't Verified!

In order to create a playlist on Sporcle, you need to verify the email address you used during registration. Go to your Sporcle Settings to finish the process.

Report this User

Report this user for behavior that violates our Community Guidelines.

Details: